| 000 | 00525cam a22001571 4500 | ||
|---|---|---|---|
| 082 |
_a669 _bEEW _cL-17, P-86 |
||
| 100 | 1 |
_aNewton, Joseph, _944845 |
|
| 245 | 1 | 0 | _aExtractive metallurgy. |
| 260 |
_aNew York, _bWiley _c[1959] |
||
| 300 |
_a532 p. _billus. _c24 cm. |
||
| 500 | _a"Essentially a revision and enlargement of the second part of [the author's]...Introduction to metallurty, second edition." | ||
| 526 |
_a0 _b0 _c0 _d669_000000000000000_EEW |
||
| 650 | 0 |
_aMCE _9379 |
|
| 650 | 0 |
_aMetallurgy. _925466 |
|
| 942 |
_2ddc _cBK |
||
| 999 |
_c548509 _d548509 |
||